00651nam a2200205Ia 4500003000900000005001700009008004100026040001300067040001300080041000800093100002700101245003800128260002900166300001100195300001000206490000600216942001200222999001700234952019400251IT-RoPAU20220918175913.0120407s9999 xx 000 0 und d aIT-RoPAU cIT-RoPAU aita aBruno Cicognani913244 aI ricordi. I. L’Età favolosa. c1961aFirenzebVallecchi a548 p. c21 cm v1 cBK2ddc c35660d35660 00102ddc406850_10000000000000071aPAULUSbPAULUSd2012-04-11l0o850.1r2012-04-11 00:00:00w2012-04-11yBKzInserito da: Anna In data: 14 luglio 2011 fondo: Via A.Severo 56 Progr:11353